Oeuvres complètes avec la traduction en Franais (Registro nro. 85908)

Detalles MARC
000 -ENCABEZADO
Número de control [NR] 00884nam a22002057a 4500
008 - DE LONGITUD FIJA DE DATOS DE ELEMENTOS - INFORMACIÓN GENERAL
Elementos de longitud fija [NR] 130821s1869 fr gr fre
040 ## - FUENTE DE CATALOGACION [NR]
Agencia de catalogación original [NR] Co-BoUCM
Idioma de catalogación [NR] spa
041 00 - CODIGO DE IDIOMA [R]
Código de idioma para texto/pista de sonido o título separado [R] Francés
100 ## - ASIENTO PRINCIPAL--NOMBRE PERSONAL [NR]
Nombre personal [NR] Ovidii NASONIS, Publius, 43 A.C.-17 D.C.
ID Autoridad 105616
245 00 - MENCION DE TITULO [NR]
Título [NR] Oeuvres complètes avec la traduction en Franais
Mención de responsabilidad, etc. [NR] Publius Ovidii Nasonis; publiees sous la direction de M. Nisard de L'Académie franaise
260 ## - PUBLICACION, DISTRIBUCION, ETC. (PIE DE IMPRENTA) [R]
Lugar de publicación, distribución, etc. [R] París (Francia)
Nombre del editor, distribuidor, etc. [R] Firmin Didot Frères
Fecha de publicación, distribución, etc. [R] 1869
300 ## - DESCRIPCION FISICA [R]
Extensión [R] 869 páginas
500 ## - NOTA GENERAL [R]
Nota general [NR] Incluye índice general.-- Contenido: Heroides.--Les amours.-- L'art d'aimer.-- Le remede d'amour.-- Les metamorphoses.-- Les tristes.-- Les pontigues
600 ## - ASIENTO SECUNDARIO DE MATERIA - NOMBRE PERSONAL [R]
Nombre personal [NR] Castro Silva
9 (RLIN) 563
650 04 - ASIENTO SECUNDARIO DE MATERIA - TERMINO TEMATICO [R]
Término temático o nombre geográfico como elemento de entrada [NR] Ensayos latinos
9 (RLIN) 14572
650 04 - ASIENTO SECUNDARIO DE MATERIA - TERMINO TEMATICO [R]
Término temático o nombre geográfico como elemento de entrada [NR] Literatura Latina
9 (RLIN) 7796
650 04 - ASIENTO SECUNDARIO DE MATERIA - TERMINO TEMATICO [R]
Término temático o nombre geográfico como elemento de entrada [NR] Poesía latina
9 (RLIN) 21826
942 ## - ELEMENTOS DE ENTRADA AGREGADOS (KOHA)
Tipo de ítem principal el descrito en 300a Libro
Tema principal Literatura
Edición 1
Parte restante de la signatura top. O94
Título oculto en OPAC No
Sistema de clasificación DEWEY
Clasificación 870
Existencias
Signatura topográfica Código de barras Última vez visto Ejemplar Price effective from Tipo de ítem Perdido Sistema de clasificación Dañado No prestable Tipo de ítem específico Suprimido Ubicación habitual Ubicación actual Localización Fecha de creación Forma de adquisición Costo
FCS 870 O94 120001378 09/07/2012 Ej.1 03/02/2013 Libro   DEWEY     Fondos especiales     Archivo Histórico Archivo histórico 28/02/2003 Donación 1000.00